Fundamentals of Biochemistry (Record no. 4188)

MARC details
000 -LEADER
fixed length control field 00370nam a22001457a 4500
008 - FIXED-LENGTH DATA ELEMENTS--GENERAL INFORMATION
fixed length control field 250709b |||||||| |||| 00| 0 eng d
020 ## - INTERNATIONAL STANDARD BOOK NUMBER
ISBN 9788121924535
100 ## - MAIN ENTRY--AUTHOR
Author Jain J.L
245 ## - TITLE STATEMENT
Title Fundamentals of Biochemistry
260 ## - PUBLICATION, DISTRIBUTION, ETC. (IMPRINT)
Place of publication New Delhi
Name of publisher Schand & Company Limited
Date of publication 2017
300 ## - COLLATION
Pagination 1615p.
650 ## - TRACINGS
Main Subject Biochemistry
942 ## - ADDED ENTRY ELEMENTS (KOHA)
Item type Books
050 ## - LIBRARY OF CONGRESS CALL NUMBER
Classification number QD 415
Item number .J35
Holdings
Source of classification or shelving scheme Not for loan Permanent location Current location Date acquired Accession No. Full call number Barcode. Koha item type
Library of Congress Classification   Samuel Ogbemudia Main Library, University of Abuja Samuel Ogbemudia Main Library, University of Abuja 07/09/2025 2024/62294 QD 415 .J35 2025-2933 Books